000 00662cam a2200229 4500500
005 20260405001825.0
041 _afre
042 _adc
100 1 0 _aLacroix, Alexandre
_eauthor
245 0 0 _aL’anthropologie mobilisée contre le virus Ebola
260 _c2014.
500 _a95
690 _aAfrique
690 _aRituels
690 _aSanté
690 _aScience
690 _aSusan Sontag
690 _aTraditions
690 _aVirus Ebola
786 0 _nPhilosophie magazine | 83 | 10 | 2014-10-01 | p. 10-10 | 1951-1787
856 4 1 _uhttps://shs.cairn.info/magazine-philosophie-magazine-2014-10-page-10?lang=fr&redirect-ssocas=7080
999 _c2051442
_d2051442